Visiting and telephoning in California jails, prisons and juvenile institutions /

Guardat en:
Dades bibliogràfiques
Autor principal: Bycel, Ben
Autor corporatiu: University of California, Davis. Center on Administration of Criminal Justice
Altres autors: Michaelson, Frank
Format: Llibre
Idioma:English
Publicat: Davis, Calif. : Center on Administration of Criminal Justice, University of California, 1975.
Matèries:
LEADER 00952nam a2200241 a 4500
001 c000192785
003 CARM
005 20021125001600.0
008 840528s1975 cau b 00010 eng d
019 1 |a 3082055 
040 |a NUN  |c NUN 
043 |a n-us-ca 
082 1 |a 365/.643/09794  |2 19 
100 1 |a Bycel, Ben. 
245 1 0 |a Visiting and telephoning in California jails, prisons and juvenile institutions /  |c by Ben Bycel and Frank Michaelson. 
260 |a Davis, Calif. :  |b Center on Administration of Criminal Justice, University of California,  |c 1975. 
300 |a 95 p. ;  |c 28 cm. 
504 |a Includes bibliographical references. 
650 0 |a Prisons  |z California  |x Visits and correspondence with inmates. 
650 0 |a Convicts  |z California. 
700 1 |a Michaelson, Frank. 
710 2 |a University of California, Davis.  |b Center on Administration of Criminal Justice. 
999 f f |i 0eaa6dad-b84c-5306-8742-0fbc18d93290  |s 149a6667-d6a3-5e54-a375-7203c6db3668